000 00559nam a2200193Ia 4500
005 20260120124559.0
008 008 260114s9999 xx 000 0 eng d
020 _a9780857247216
037 _aEBOOK
040 _aCRL
_beng
_cCRL
041 _aeng
_2eng
084 _qCRL
245 0 _aContributions to Economic Analysis
260 _bEmerald Publishing
_c2011
700 _aB.H. Baltagi, E. Sadka
_9908017
856 _uhttps://www.emerald.com/insight/publication/doi/10.1108/S0573-8555(2011)291
942 _cEBOOK
999 _c1499906
_d1499906